[Event "Moscow TV"]
[Site "Moscow"]
[Date "1987.??.??"]
[Round "?"]
[White "Geller, Efim P"]
[Black "Lputian, Smbat G"]
[Result "0-1"]
[WhiteElo "2500"]
[BlackElo "2500"]

1.e4 c5 2.Nf3 Nc6 3.d4 cxd4 4.Nxd4 e5 5.Nb5 d6 6.c4 Be7 7.N1c3 a6 8.Na3 Be6
9.Be2 Bg5 10.O-O h6 11.Nc2 Nf6 12.Qd3 Qc7 13.Rd1 Rd8 14.Bxg5 hxg5 15.Rac1 Qb6
16.b3 Rh4 17.Rd2 Ke7 18.Ne3 g6 19.h3 Nd4 20.Bg4 Qc6 21.Bxe6 fxe6 22.f3 Rdh8
23.Ne2 Rxh3 24.gxh3 Nxf3+ 25.Kg2 Nxd2  0-1

[Event "Moscow TV"]
[Site "Moscow"]
[Date "1987.??.??"]
[Round "?"]
[White "Lputian, Smbat G"]
[Black "Geller, Efim P"]
[Result "1-0"]
[WhiteElo "2500"]
[BlackElo "2500"]

1.d4 Nf6 2.c4 e6 3.Nf3 d5 4.Nc3 Be7 5.Bg5 h6 6.Bxf6 Bxf6 7.e3 O-O 8.Rc1 c6
9.Bd3 dxc4 10.Bxc4 Nd7 11.O-O e5 12.h3 exd4 13.exd4 Nb6 14.Bb3 Re8 15.Re1 Bf5
16.Rxe8+ Qxe8 17.Qd2 Qd7 18.Re1 a5 19.Qf4 g5 20.Ne4 gxf4 21.Nxf6+ Kf8 22.Nxd7+ Nxd7
23.Ne5 Nxe5 24.Rxe5 Bg6 25.d5 a4 26.Bc4 Ra5 27.b4 axb3 28.Bxb3 cxd5 29.Kf1 b6
30.Rxd5 Rxd5  1-0

[Event "Sochi"]
[Site "Sochi"]
[Date "1987.??.??"]
[Round "?"]
[White "Lputian, Smbat G"]
[Black "Horvath, Jozsef"]
[Result "1/2-1/2"]
[WhiteElo "2540"]
[BlackElo "2465"]

1.d4 d5 2.c4 c6 3.Nf3 Nf6 4.Nc3 dxc4 5.a4 Bf5 6.e3 e6 7.Bxc4 Bb4 8.O-O Nbd7
9.Nh4 O-O 10.f3 Bg6 11.Qb3 Qb6 12.Rd1 e5 13.Kh1 Rfd8 14.Nxg6 hxg6 15.Qc2 Qa5
16.Na2 exd4 17.Nxb4 Qxb4 18.Bd2 Qe7 19.exd4 Nb6 20.a5 Nxc4 21.Qxc4 Qd7 22.a6 Qxd4
23.Qxd4 Rxd4 24.axb7 Rb8 25.Rxa7 Rd7 26.b4 Rdxb7 27.Rxb7 Rxb7 28.Rc1 Nd5
29.Rc4 Kf8 30.Rxc6 Nxb4 31.Rc8+ Ke7 32.Rg8 Nd5 33.h4 Ke6 34.Rxg7 Ne7 35.Rh7 Rb2
36.Bg5 f6 37.Bf4 Nd5 38.Bh6 Rb4 39.Bf8 Rb8 40.Bc5 Rc8 41.Bg1 Rc4 42.Kh2 Rc2
43.Ra7 Nf4 44.Ra6+ Ke5 45.Ra5+ Ke6 46.Ra6+ Ke5 47.Kh1 Nxg2 48.Bh2+ Kf5  1/2-1/2

[Event "Armed Forces-ch "]
[Site "Sverdlovsk"]
[Date "1987.??.??"]
[Round "?"]
[White "Lputian, Smbat G"]
[Black "Malaniuk, Vladimir P"]
[Result "1-0"]
[WhiteElo "2500"]
[BlackElo "2575"]

1.d4 f5 2.g3 Nf6 3.Bg2 g6 4.Nf3 Bg7 5.O-O O-O 6.b3 d6 7.Bb2 Qe8 8.c4 e5 9.dxe5 Ng4
10.Nc3 Nxe5 11.Qd2 Na6 12.Rad1 Nxf3+ 13.exf3 Nc5 14.Rfe1 Qd8 15.b4 Nd7 16.Nd5 Bxb2
17.Qxb2 Rf7 18.f4 c6 19.Ne3 Nf6 20.b5 Be6 21.Ng4 Nxg4 22.Rxe6 Rf6 23.bxc6 bxc6
24.Bxc6 Rxe6 25.Bd5 Qd7 26.h3 Ne3 27.fxe3 Re8 28.g4 h6 29.gxf5 gxf5 30.Kf2 Kh7
31.Bxe6 Rxe6 32.Rd5 Qe7 33.Rxf5 Rxe3 34.Rb5 Kg6 35.Rb7 Re2+ 36.Qxe2 Qxb7
37.Qd3+ Kg7 38.Qd4+ Kh7 39.f5 Qa6 40.Kf3 Qxa2 41.Qxd6 Qb3+ 42.Kf4 Qxc4+ 43.Ke5 Qf7
44.Qe6 Kg7 45.f6+ Kf8 46.Qd6+ Kg8 47.Qb8+ Kh7 48.h4 h5 49.Qd8 Kg6 50.Qd3+ Kh6
51.Qd5 Kg6 52.Qc6 Kh6 53.Kf5 Kh7 54.Qd6 Kg8 55.Kg5 Kh7 56.Qd3+ Kg8 57.Qf5 Kh8
58.Qc5 Kh7 59.Qe7 Kg8 60.Qd8+ Kh7 61.Qd3+ Kg8 62.Qf5 Kh8 63.Kh6 Kg8 64.Qc8+  1-0

[Event "Armed Forces-ch "]
[Site "Sverdlovsk"]
[Date "1987.??.??"]
[Round "?"]
[White "Lputian, Smbat G"]
[Black "Tukmakov, Vladimir B"]
[Result "0-1"]
[WhiteElo "2500"]
[BlackElo "2575"]

1.d4 Nf6 2.c4 c6 3.Nc3 d5 4.Nf3 dxc4 5.a4 Bf5 6.e3 e6 7.Bxc4 Bb4 8.O-O Nbd7
9.Nh4 O-O 10.f3 Bg6 11.Kh1 e5 12.Bb3 Qb6 13.Ne2 Rac8 14.e4 c5 15.dxe5 Nxe5
16.Nf4 c4 17.Bc2 Nc6 18.Nd5 Nxd5 19.Qxd5 Rfd8 20.Qb5 Nd4 21.Qxb6 axb6 22.Bd1 Nb3
23.Bxb3 cxb3 24.Be3 Rc2 25.Rab1 Bc5 26.Bf4 f6 27.a5 bxa5 28.Bc7 Rd3 29.Bxa5 Bd4
30.g4 Rxb2 31.Rxb2 Bxb2 32.Ng2 Be5 33.f4 Bd4 34.f5 Be8 35.Nf4 Bc6 36.Nd5 b2  0-1

[Event "GMA-Open"]
[Site "Belgrade"]
[Date "1988.??.??"]
[Round "?"]
[White "Lputian, Smbat G"]
[Black "Vanheste, Jeroen"]
[Result "1-0"]
[WhiteElo "2540"]
[BlackElo "2390"]

1.d4 Nf6 2.c4 g6 3.Nc3 d5 4.Bf4 Bg7 5.e3 c5 6.dxc5 Qa5 7.Rc1 Ne4 8.cxd5 Nxc3
9.Qd2 Qxa2 10.bxc3 Qa5 11.Nf3 Nd7 12.Bc4 O-O 13.O-O Nxc5 14.Be5 Bxe5 15.Nxe5 f6
16.d6+ Kg7 17.dxe7 Re8 18.Qd5 Be6 19.Qd6 Bxc4 20.Nxc4 Qb5 21.Qd5 Rxe7 22.Rb1 Qc6
23.Qxc6 bxc6 24.Na5 Ne4 25.Rfc1 f5 26.Ra1 Rc8 27.Ra3 Rd7 28.h3 Kf6 29.f3 Nc5
30.Rb1 Ke6 31.Rb4 Nd3 32.Rd4 Rcc7 33.Nb3 Rxd4 34.cxd4 c5 35.Ra6+ Kd5 36.dxc5 Kc4
37.Nd4 Nxc5 38.Ra1 a6 39.Kf2 Ra7 40.Nc6 Rc7 41.Rc1+ Kd5 42.Nb4+ Ke6 43.Ra1 Ra7
44.Ra5 Kd6 45.g4 fxg4 46.hxg4 h5 47.gxh5 gxh5 48.e4 Re7 49.Ke3 Rb7 50.Nd3 Nxd3
51.Rxa6+ Ke5 52.Ra5+ Kd6 53.Kxd3 Rh7 54.Kd4 Kc6 55.Rc5+ Kb6 56.Rc2 h4 57.Ke3  1-0

[Event "URS-ch otbor56"]
[Site "Blagoveshchensk"]
[Date "1988.??.??"]
[Round "?"]
[White "Lputian, Smbat G"]
[Black "Anastasian, Ashot"]
[Result "1-0"]
[WhiteElo "2540"]
[BlackElo "2445"]

1.d4 Nf6 2.c4 e6 3.Nf3 b6 4.Nc3 Bb7 5.a3 d5 6.cxd5 Nxd5 7.Qc2 Be7 8.Bd2 O-O
9.e4 Nxc3 10.Bxc3 Nd7 11.O-O-O c5 12.Bb5 a6 13.Bxd7 Qxd7 14.dxc5 Qc7 15.Ne5 Bxc5
16.Rd7 Qc8 17.Qd3 Bc6 18.Nxc6 Qxc6 19.Qg3 e5 20.Qxe5 Qh6+ 21.Kb1 Qg6 22.f3 Qxg2
23.Rhd1 a5 24.h4 Rae8 25.Qf4 f6 26.Qf5 Qe2 27.h5 Qe3 28.Qg4 Qh6 29.Bd2 g5
30.Bc3 Rf7 31.Rxf7 Kxf7 32.Qf5 Be7 33.Rd7 Kf8 34.e5 Rd8 35.Rxd8+ Bxd8 36.Qc8 Ke8
37.Qe6+ Kf8 38.Qc8 Ke8 39.Qc6+ Kf8 40.exf6 Qxh5 41.Qd6+ Ke8 42.Qe6+ Kf8 43.Qd6+ Ke8
44.Qe6+ Kf8 45.Be5 Qg6+ 46.Ka1 Qf7 47.Qd6+ Ke8 48.Qc6+ Kf8 49.Bd6+ Kg8 50.Qa8  1-0

[Event "URS-ch otbor56"]
[Site "Blagoveshchensk"]
[Date "1988.??.??"]
[Round "?"]
[White "Lputian, Smbat G"]
[Black "Dokhoian, Yury"]
[Result "1-0"]
[WhiteElo "2540"]
[BlackElo "2520"]

1.d4 d5 2.c4 e6 3.Nc3 Be7 4.Nf3 Nf6 5.cxd5 exd5 6.Bg5 c6 7.Qc2 g6 8.e4 dxe4
9.Bxf6 Bxf6 10.Qxe4+ Be6 11.Bc4 Qe7 12.Bxe6 Qxe6 13.Qxe6+ fxe6 14.Ne4 Ke7
15.O-O-O Na6 16.h4 Bg7 17.h5 gxh5 18.Rxh5 Rad8 19.Ne5 Nb4 20.a3 Nd5 21.Rdh1 Nf4
22.Rxh7 Rxh7 23.Rxh7 Kf8 24.Ng5 Rxd4 25.Ng6+ Nxg6 26.Nxe6+ Kf7 27.Nxd4 Kg8
28.Rxg7+ Kxg7 29.g3 Kf6 30.f4 c5 31.Nb5 a6 32.Nd6 b6 33.Kd2 Ne7 34.Kd3 Ke6
35.Ne4 Kf5 36.a4 Nc6 37.Nd6+ Ke6 38.Ne8 Kd7 39.Nf6+ Ke6 40.Ne8 Kd7 41.Nf6+ Ke6
42.Ne4 Kf5 43.Nc3 Nd4 44.Kc4 Kg4 45.Ne4 Nc2 46.Kd5 Nb4+ 47.Ke6 Nc2 48.Nd6 Nd4+
49.Kd5 Kh5 50.Nc4 b5 51.axb5 axb5 52.Ne5 Nb3 53.g4+ Kh6 54.g5+ Kh5 55.Ke6 Nd2
56.g6 Kh6 57.Kf7 Ne4 58.g7  1-0

[Event "URS-ch otbor56"]
[Site "Blagoveshchensk"]
[Date "1988.??.??"]
[Round "?"]
[White "Lputian, Smbat G"]
[Black "Lukin, Andrei M"]
[Result "1/2-1/2"]
[WhiteElo "2540"]
[BlackElo "2430"]

1.d4 d6 2.c4 e5 3.Nf3 e4 4.Nfd2 f5 5.Nc3 Nf6 6.e3 c5 7.Be2 Nc6 8.d5 Ne5 9.f4 exf3
10.Nxf3 Nfg4 11.O-O Be7 12.Nxe5 Nxe5 13.e4 O-O 14.Bf4 Ng6 15.exf5 Nxf4 16.Rxf4 Bxf5
17.Bg4 Bg6 18.Rxf8+ Qxf8 19.Qe2 Bf6 20.Nb5 Be5 21.Rf1  1/2-1/2

[Event "URS-FL56"]
[Site "Simferopol"]
[Date "1988.??.??"]
[Round "?"]
[White "Ulibin, Mikhail"]
[Black "Lputian, Smbat G"]
[Result "1-0"]
[WhiteElo "2390"]
[BlackElo "2540"]

1.e4 e6 2.d4 d5 3.exd5 exd5 4.Nf3 Bd6 5.c4 Nf6 6.Nc3 O-O 7.cxd5 Nbd7 8.Bg5 h6
9.Bh4 Nb6 10.Be2 Be7 11.Bxf6 Bxf6 12.Qb3 a5 13.a4 Bf5 14.O-O Qe7 15.Rac1 Qb4
16.Qxb4 axb4 17.Nb5 Nxd5 18.Nxc7 Nf4 19.Bb5 Rad8 20.Rfe1 Bxd4 21.Rc4 Bxf2+
22.Kxf2 Nd3+ 23.Ke2 Nxe1 24.Kxe1 b3 25.Nd4 Be4 26.Nde6 Bc2 27.Nd4 Bd3 28.Rb4 Bc2
29.Be2 Rd7 30.Ncb5 Re8 31.Kf2 Re4 32.g3 Re5 33.Bf3 h5 34.Nc3 Rd6 35.Bxb7 Rf6+
36.Nf3 Rc5 37.h4 Rd6 38.Nd4 Rf6+ 39.Bf3 g5 40.hxg5 Rxg5 41.Rb5 Rg4 42.Nd5  1-0

[Event "URS-FL56"]
[Site "Simferopol"]
[Date "1988.??.??"]
[Round "?"]
[White "Lputian, Smbat G"]
[Black "Romanishin, Oleg M"]
[Result "0-1"]
[WhiteElo "2540"]
[BlackElo "2550"]

1.d4 Nf6 2.c4 e6 3.Nc3 Bb4 4.Qc2 c5 5.dxc5 Bxc5 6.Nf3 Nc6 7.Bg5 Qa5 8.Bxf6 gxf6
9.e3 Bb4 10.Rc1 Bxc3+ 11.Qxc3 Qxc3+ 12.Rxc3 b6 13.Be2 Rg8 14.O-O Bb7 15.Rd1 Ke7
16.g3 Rac8 17.Ra3 Rc7 18.Nd4 Nxd4 19.exd4 Be4 20.d5 d6 21.Re3 Bf5 22.Rd2 e5
23.f4 Kd8 24.Kf2 Re7 25.g4 Bxg4 26.Rg3 exf4 27.Rxg4 Rxe2+ 28.Rxe2 Rxg4 29.Kf3 Rh4
30.b3 f5 31.Kg2 Rg4+ 32.Kf3 Rh4 33.Kg2 Kd7 34.Kf3 Rg4 35.Re1 Rh4 36.Re2 Rg4
37.Re1 h6 38.Re2 Rh4 39.Kg2 Rg4+ 40.Kf3 Rh4 41.Rg2 a6  0-1

[Event "URS-FL56"]
[Site "Simferopol"]
[Date "1988.??.??"]
[Round "?"]
[White "Kharitonov, Andrei Y"]
[Black "Lputian, Smbat G"]
[Result "1/2-1/2"]
[WhiteElo "2550"]
[BlackElo "2540"]

1.d4 Nf6 2.Nf3 g6 3.c4 Bg7 4.g3 O-O 5.Bg2 d5 6.cxd5 Nxd5 7.O-O Nb6 8.Nc3 Nc6
9.e3 Re8 10.Ne1 e5 11.d5 Na5 12.e4 c6 13.Nc2 cxd5 14.exd5 Nac4 15.b3 Nd6
16.Bb2 Bd7 17.Ne3 f5 18.Re1 h5 19.a4 a5 20.Rc1 f4 21.Nf1 Bg4 22.Bf3 Bxf3
23.Qxf3 Rf8 24.Qd3 Qf6 25.Ba3 Rad8 26.Bxd6 Qxd6 27.Nb5 Qf6 28.d6 Nc8 29.Red1 fxg3
30.fxg3 Nxd6 31.Nxd6 Rxd6  1/2-1/2

[Event "Uzhgorod"]
[Site "Uzhgorod"]
[Date "1988.??.??"]
[Round "?"]
[White "Luther, Thomas"]
[Black "Lputian, Smbat G"]
[Result "0-1"]
[WhiteElo "2410"]
[BlackElo "2540"]

1.e4 c5 2.Nf3 Nc6 3.d4 cxd4 4.Nxd4 e5 5.Nb5 d6 6.c4 a6 7.N5a3 Be6 8.Nc3 Be7
9.Nd5 Nf6 10.Bd3 O-O 11.Be3 Nd7 12.Qd2 h6 13.Nxe7+ Qxe7 14.Rd1 Nc5 15.O-O Nxd3
16.Qxd3 Rad8 17.Bb6 Rd7 18.Nc2 f5 19.f3 fxe4 20.fxe4 Rf4 21.Ne3 Qf7 22.Nd5 Rxf1+
23.Rxf1 Qg6 24.Nc7 Bf7 25.b3 Kh7 26.Qh3 Re7 27.Nd5 Bxd5 28.cxd5 Nb4 29.Qe3 Re8
30.Qc1 Nd3 31.Qe3 Nf4 32.Rf2 Rc8 33.h3 h5 34.Kh2 h4 35.Qf3 Nh5 36.Rf1 Rc2
37.Bf2 Nf4 38.Rg1 Qf6 39.Be3 Rxa2 40.Qg4 Re2 41.Qf3 Qg5 42.Kh1 Rb2 43.Bxf4 exf4
44.Re1 Rd2 45.Rg1 Kh6 46.Qc3 Re2 47.Qc7 Qf6 48.Rf1 Rxe4 49.Qc8 g6 50.Kh2 f3
51.Kg1 Qd4+ 52.Kh2 fxg2  0-1

[Event "Uzhgorod"]
[Site "Uzhgorod"]
[Date "1988.??.??"]
[Round "?"]
[White "Lputian, Smbat G"]
[Black "Pirttimaki, Timo"]
[Result "1-0"]
[WhiteElo "2540"]
[BlackElo "2260"]

1.d4 Nf6 2.c4 c5 3.d5 g6 4.Nc3 Bg7 5.e4 O-O 6.Bd3 d6 7.h3 e6 8.Nf3 exd5 9.exd5 Re8+
10.Be3 Nh5 11.O-O f5 12.Re1 Nd7 13.Bg5 Rxe1+ 14.Qxe1 Ndf6 15.Rb1 Bd7 16.b4 b6
17.bxc5 bxc5 18.Nb5 h6 19.Bd2 Ne8 20.Qc1 a6 21.Nc3 Qf6 22.Rb7 Bc8 23.Rb3 g5
24.Na4 Qd8 25.Nb6 Rb8 26.Qe1 f4 27.Nxc8 Qxc8 28.Bf5 Qd8 29.Qe6+ Kh8 30.Ba5  1-0

[Event "Uzhgorod"]
[Site "Uzhgorod"]
[Date "1988.??.??"]
[Round "?"]
[White "Lputian, Smbat G"]
[Black "Okhotnik, Vladimir"]
[Result "1/2-1/2"]
[WhiteElo "2540"]
[BlackElo "2445"]

1.d4 d6 2.Nf3 Bg4 3.c4 Bxf3 4.gxf3 g6 5.f4 c6 6.h4 Nf6 7.Nc3 Nbd7 8.Bh3 Bg7
9.f5 d5 10.Qb3 Qb6 11.cxd5 Qxb3 12.axb3 Nxd5 13.e3 a6 14.Ke2 N7f6 15.Bd2 Nxc3+
16.bxc3 Ne4 17.Rag1 Nxd2 18.Kxd2 Bf6 19.h5 gxf5 20.Bxf5 h6 21.f4 e6 22.Bd3 Kd7
23.e4 Rhg8 24.e5 Be7 25.b4 b5 26.Bc2 Raf8 27.Bb3 Bd8 28.Ke2 a5 29.Rxg8 Rxg8
30.bxa5 Rg2+ 31.Kf3 Rb2 32.Bxe6+ Kxe6 33.Ra1 b4 34.cxb4 Rxb4 35.a6 Bb6 36.a7 Bxa7
37.Rxa7 Rxd4 38.Rc7 Rc4 39.Kg4 Rc1 40.Rc8 Rg1+ 41.Kf3 Rc1 42.Ke3 f6 43.exf6 Kxf6
44.Rf8+ Kg7 45.Rf5 Rb1  1/2-1/2

[Event "Uzhgorod"]
[Site "Uzhgorod"]
[Date "1988.??.??"]
[Round "?"]
[White "Lputian, Smbat G"]
[Black "Andonov, Bogomil"]
[Result "1-0"]
[WhiteElo "2540"]
[BlackElo "2415"]

1.d4 d6 2.Nf3 Bg4 3.c4 Bxf3 4.gxf3 Nf6 5.Nc3 g6 6.Qb3 b6 7.f4 Bg7 8.h4 O-O
9.Bg2 c6 10.Bf3 Qc7 11.h5 Nbd7 12.Be3 e6 13.O-O-O Rfe8 14.Kb1 a6 15.Rdg1 b5
16.hxg6 hxg6 17.cxb5 axb5 18.f5 Nf8 19.fxe6 fxe6 20.Bf4 Rec8 21.e4 Ne8 22.Ne2 Ra4
23.Be3 c5 24.Bg4 c4 25.Qxb5 Ra5 26.Qb4 Rb8 27.Qc3 Qa7 28.Nc1 d5 29.Bf4 Rb7
30.Be5 Rab5 31.b3 cxb3 32.axb3 Nd6 33.Bxd6 Bxd4 34.Bxe6+ Nxe6 35.Rxg6+ Ng7
36.Qc8+ Kf7 37.Rxg7+ Bxg7 38.Qf5+ Ke8 39.Qe6+ Re7 40.Bxe7 Qa1+ 41.Kc2 Qc3+
42.Kd1 Qf3+ 43.Kd2 Qc3+ 44.Ke2 Qc2+ 45.Kf1  1-0

[Event "Uzhgorod"]
[Site "Uzhgorod"]
[Date "1988.??.??"]
[Round "?"]
[White "Basin, Leonid"]
[Black "Lputian, Smbat G"]
[Result "1/2-1/2"]
[WhiteElo "2350"]
[BlackElo "2540"]

1.d4 Nf6 2.c4 g6 3.Nc3 d5 4.Bf4 Bg7 5.e3 c5 6.Nf3 cxd4 7.Nxd4 O-O 8.Qb3 Nc6
9.Nxc6 bxc6 10.Be2 Qa5 11.O-O e5 12.Bg3 d4 13.exd4 exd4 14.Na4 Ne4 15.Rfd1 Bd7
16.c5 Nxc5 17.Nxc5 Qxc5 18.Rac1 Qb6 19.Bd6 Rfd8 20.Bc5 Qxb3 21.axb3 Be6 22.b4 Bb3
23.Rd3 Ba4 24.Ra3 d3 25.Rxd3 Bxb2 26.Rb1 Rxd3 27.Bxd3 Bf6 28.g3 Rd8 29.Ba6 Bd4
30.Kg2 h5 31.Bxd4 Rxd4 32.Kf3 Rd5 33.Ra1 Bb3 34.Ra5 g5 35.Bb7 Rd3+ 36.Ke4 Bc2
37.Ke5 Rd5+ 38.Kf6 Be4 39.Bc8 Rd8 40.Bf5 Bxf5 41.Kxf5 g4 42.Kg5 Rd5+ 43.Kf6 Rd2
44.Rxa7 Rxf2+ 45.Kg5 Rxh2 46.Rc7 Rg2 47.Rxc6 Rxg3 48.Kxh5 Kg7 49.Kg5 Rg1
50.Rd6  1/2-1/2

[Event "Yerevan"]
[Site "Yerevan"]
[Date "1988.??.??"]
[Round "?"]
[White "Romanishin, Oleg M"]
[Black "Lputian, Smbat G"]
[Result "1/2-1/2"]
[WhiteElo "2570"]
[BlackElo "2555"]

1.e4 e6 2.d4 d5 3.e5 c5 4.c3 Nc6 5.Nf3 Qb6 6.a3 Nge7 7.b4 cxd4 8.cxd4 Nf5
9.Be3 f6 10.b5 Nxe5 11.dxe5 Nxe3 12.fxe3 Qxe3+ 13.Qe2 Qc1+ 14.Qd1  1/2-1/2

[Event "Yerevan"]
[Site "Yerevan"]
[Date "1988.??.??"]
[Round "?"]
[White "Psakhis, Lev"]
[Black "Lputian, Smbat G"]
[Result "1/2-1/2"]
[WhiteElo "2550"]
[BlackElo "2555"]

1.e4 e6 2.d4 d5 3.Nd2 c5 4.exd5 exd5 5.Ngf3 Nc6 6.Bb5 Bd6 7.dxc5 Bxc5 8.O-O Ne7
9.Nb3 Bb6 10.Re1 O-O 11.Be3 Bg4 12.h3 Bxf3 13.Qxf3 Ne5 14.Qh5 N7g6 15.Rad1 a6
16.Bf1 Rc8 17.Bxb6 Qxb6 18.Rxe5 Nxe5 19.Qxe5 Rxc2 20.Rd2 Rxd2 21.Nxd2 Qa5
22.Nc4 Qxa2 23.Nd6 Qb1 24.Nf5 f6 25.Qxd5+ Kh8 26.Qd7 Rg8 27.Nd6 h6 28.Qxb7 a5
29.Qb5 Rf8 30.g4 Qe1 31.Qb7 Qc1 32.Kg2 f5 33.Qe7 Rb8 34.Nc4 fxg4 35.hxg4 Qf4
36.Qe6 Rf8 37.Qe2 a4 38.Ne5 Rf6 39.Qe3 Qxe3 40.fxe3 Rb6 41.Nc4 Rb4 42.Kf3 g6
43.e4 Kg7 44.e5 h5 45.gxh5 gxh5 46.Kf4 Rxb2 47.Nxb2 a3 48.Bc4 axb2 49.Ba2 h4
50.Kg4 Kg6 51.Bb1+ Kf7 52.Bf5 h3 53.Kxh3 b1=Q 54.Bxb1  1/2-1/2

[Event "Yerevan"]
[Site "Yerevan"]
[Date "1988.??.??"]
[Round "?"]
[White "Anastasian, Ashot"]
[Black "Lputian, Smbat G"]
[Result "1/2-1/2"]
[WhiteElo "2445"]
[BlackElo "2555"]

1.d4 e6 2.c4 d5 3.Nc3 c5 4.cxd5 exd5 5.Nf3 Nc6 6.g3 Nf6 7.Bg2 Be7 8.O-O O-O
9.Bg5 c4 10.Ne5 Be6  1/2-1/2

[Event "Yerevan"]
[Site "Yerevan"]
[Date "1988.??.??"]
[Round "?"]
[White "Dokhoian, Yury"]
[Black "Lputian, Smbat G"]
[Result "1/2-1/2"]
[WhiteElo "2515"]
[BlackElo "2555"]

1.d4 d5 2.c4 e6 3.Nf3 Nf6 4.Nc3 Be7 5.Bg5 h6 6.Bxf6 Bxf6 7.e3 c6 8.Rc1 O-O
9.Bd3 Nd7 10.O-O dxc4 11.Bxc4 e5 12.Ne4 exd4 13.Nxf6+ Nxf6 14.Qxd4 Bg4 15.Qxd8 Raxd8
16.Rfd1  1/2-1/2

[Event "Yerevan"]
[Site "Yerevan"]
[Date "1988.??.??"]
[Round "?"]
[White "Lputian, Smbat G"]
[Black "Semkov, Semko"]
[Result "1-0"]
[WhiteElo "2555"]
[BlackElo "2470"]

1.d4 d5 2.c4 e6 3.Nc3 c6 4.Nf3 f5 5.Bg5 Nf6 6.e3 h6 7.Bxf6 Qxf6 8.Ne5 g6
9.Be2 h5 10.Qb3 Rh7 11.f4 Nd7 12.O-O-O Nxe5 13.dxe5 Qe7 14.Kb1 Qb4 15.Qc2 Rc7
16.a3 Qc5 17.Rd4 Bd7 18.Rc1 Qe7 19.h3 h4 20.Bf3 Qg7 21.Na4 Rcc8 22.c5 Rab8
23.b4 b5 24.Nc3 Be7 25.Rg1 Qh6 26.Qf2 Kd8 27.g3 hxg3 28.Qxg3 Kc7 29.Qxg6 Qxh3
30.Qg2 Rh8 31.Rdd1 Qxg2 32.Rxg2 Rh3 33.Rf1 Rbh8 34.Ne2 Be8 35.Nd4 Kd7 36.Kc2 Rh2
37.Rg1 Bf7 38.Kc3 Bf8 39.a4 Rxg2 40.Rxg2 bxa4 41.Ra2 Kc7 42.Rxa4 Kb7 43.Be2 Rh3
44.Ba6+ Kc7 45.Bb5 Be8 46.Bxc6 Bxc6 47.Rxa7+ Bb7 48.c6 Rxe3+ 49.Kd2 Re4 50.Rxb7+ Kc8
51.Kd3 Bxb4 52.Rxb4  1-0

[Event "Altensteig"]
[Site "Altensteig"]
[Date "1989.??.??"]
[Round "?"]
[White "Lputian, Smbat G"]
[Black "Wahls, Matthias"]
[Result "1/2-1/2"]
[WhiteElo "2540"]
[BlackElo "2535"]

1.d4 Nf6 2.c4 e6 3.Nf3 c5 4.d5 exd5 5.cxd5 d6 6.Nc3 g6 7.Bf4 a6 8.Nd2 b5
9.a4 b4 10.Nce4 Nh5 11.Bg5 f6 12.Be3 f5 13.g4 fxg4 14.Nc4 Bf5 15.Bg5 Qc7
16.Qd2 Kf7 17.Bg2 Nd7 18.Ng3 h6 19.Bf4 Ndf6 20.Nxf5 gxf5 21.h3 Rg8 22.b3 Re8
23.Bxh6 g3 24.Bxf8 gxf2+ 25.Kxf2 Rexf8 26.Rhg1 Qe7 27.Qe3 Ne4+ 28.Ke1 Qf6
29.Rc1 Re8 30.Qf3 Qh4+ 31.Kd1 Kf6 32.Rf1 Nhg3 33.Re1 Nc3+ 34.Rxc3 Qd4+ 35.Kc2 bxc3
36.e3 Qe4+ 37.Kxc3 Qxf3 38.Bxf3 Rd8 39.Kd3 Rh8 40.Bg2 Rh4 41.Rb1 Ne4 42.Bxe4 fxe4+
43.Kc3 Rh5 44.Rd1 Ke7 45.b4 cxb4+ 46.Kxb4 Rc8 47.Rd4 Rc5 48.Rxe4+ Kd8 49.Re8+ Kd7
50.Rg8 a5+ 51.Nxa5 Rh4+ 52.Rg4 Rxg4+ 53.hxg4 Rxd5 54.Nc4 Rg5 55.a5 Rxg4 56.Kb5 Kc7
57.a6 Rg5+ 58.Kb4 Rg1 59.a7 Rb1+ 60.Ka4 Ra1+ 61.Na3 Kb7 62.Kb4 d5 63.Nb5 Kc6
64.Na3 Kb7 65.Nb5 Kb6 66.Nc3 Kc6 67.Na4 Rb1+  1/2-1/2

[Event "Altensteig"]
[Site "Altensteig"]
[Date "1989.??.??"]
[Round "?"]
[White "Lputian, Smbat G"]
[Black "Brunner, Lucas"]
[Result "1/2-1/2"]
[WhiteElo "2540"]
[BlackElo "2505"]

1.e4 c5 2.c3 d5 3.exd5 Qxd5 4.d4 Nf6 5.Nf3 Nc6 6.Be2 cxd4 7.cxd4 e6 8.Nc3 Qd6
9.O-O Be7 10.Be3 O-O 11.Qd2 b6 12.Rfd1 Nb4  1/2-1/2

[Event "Altensteig"]
[Site "Altensteig"]
[Date "1989.??.??"]
[Round "?"]
[White "Luecke, Norbert"]
[Black "Lputian, Smbat G"]
[Result "0-1"]
[WhiteElo "2415"]
[BlackElo "2540"]

1.e4 e6 2.d4 d5 3.Nd2 c5 4.exd5 exd5 5.Bb5+ Nc6 6.Ngf3 Bd6 7.dxc5 Bxc5 8.O-O Ne7
9.Nb3 Bd6 10.Re1 O-O 11.Bd2 a6 12.Bd3 Ng6 13.Bc3 Nf4 14.Nbd4 Nxd4 15.Bxd4 Bg4
16.Bf1 Re8 17.Re3 Re4 18.c4 Ne6 19.Bc3 Rxe3 20.fxe3 dxc4 21.Bxc4 Bxh2+ 22.Kxh2 Qc7+
23.Kg1 Qxc4 24.Ne5 Qxc3  0-1

[Event "Yerevan"]
[Site "Yerevan"]
[Date "1989.??.??"]
[Round "?"]
[White "Lputian, Smbat G"]
[Black "Spiridonov, Nikola"]
[Result "1-0"]
[WhiteElo "2610"]
[BlackElo "2390"]

1.d4 Nf6 2.c4 e6 3.Nf3 Bb4+ 4.Nbd2 d5 5.Qa4+ Nc6 6.a3 Be7 7.e3 dxc4 8.Nxc4 O-O
9.Bd3 Qe8 10.Qc2 Bd6 11.b4 e5 12.dxe5 Nxe5 13.Ncxe5 Bxe5 14.Nxe5 Qxe5 15.Bb2 Qe7
16.O-O h6 17.Bxf6 gxf6 18.b5 Be6 19.Rfc1 Rfd8 20.Be2 c6 21.bxc6 Rac8 22.Qe4 Rxc6
23.Rxc6 bxc6 24.Qxc6 Rd2 25.Bf3 Kg7 26.h3 Rd6 27.Qa4 Qc7 28.Rb1 Rb6 29.Rxb6 axb6
30.Qb4 b5 31.Qb2 Qd6 32.Qc3 Bd7 33.Be2 Qd5 34.Qd3 Qc6 35.Bd1 Be6 36.Bc2 Kf8
37.Qh7 Ke7 38.Qe4 Qd7 39.Bd3 Ke8 40.g4 Kf8 41.Qb4+ Kg7 42.Qxb5 Qc8 43.Bf1 Qc1
44.a4 h5 45.gxh5 Bxh3 46.h6+ Kh7 47.Qd3+ f5 48.a5 Qa1 49.a6 Kxh6 50.a7 Bxf1
51.Qd4 Qe1 52.Qh4+ Kg6 53.a8=Q  1-0

[Event "Yerevan"]
[Site "Yerevan"]
[Date "1989.??.??"]
[Round "?"]
[White "Lputian, Smbat G"]
[Black "Dokhoian, Yury"]
[Result "1/2-1/2"]
[WhiteElo "2610"]
[BlackElo "2575"]

1.d4 Nf6 2.c4 e6 3.Nf3 b6 4.g3 Ba6 5.b3 Bb4+ 6.Bd2 Be7 7.Bg2 c6 8.Bc3 d5
9.Ne5 Nfd7 10.Nxd7 Nxd7 11.Nd2 O-O 12.O-O Rc8 13.e4 dxe4 14.Bxe4 b5 15.Re1 bxc4
16.bxc4 c5 17.d5 exd5 18.Bxd5 Bf6 19.Rc1 Bxc3 20.Rxc3 Nf6 21.Bf3 Rc7 22.Nb3 Qxd1
23.Rxd1 Bc8 24.Kg2 Re8 25.Rd6 Re6 26.Rd8+ Re8 27.Rxe8+ Nxe8 28.Na5 Kf8 29.Rb3 Nd6
30.Bd5 Bd7 31.Rb8+ Ke7 32.Kf3 Be6 33.Bxe6 Kxe6 34.g4 h6 35.Ke3 f5 36.h3 Kf6
37.Rd8 Ke7 38.Rb8 Kf6 39.f3 Re7+ 40.Kf2 Nf7 41.Rc8 Ne5 42.Rf8+ Rf7 43.Rxf7+ Kxf7
44.f4 Nd7 45.Ke3 Kf6 46.Nb7 fxg4 47.hxg4 g5 48.Nd6 gxf4+ 49.Kxf4 Nb6 50.Nf5 Nxc4
51.Nxh6 Nd6 52.g5+ Ke6 53.Ng4 c4 54.Ne3 c3 55.Nc2 Nf5 56.Ke4 Nd6+ 57.Kf4 Nc4
58.Nd4+ Kf7 59.Ke4 Kg6 60.Kd3 Ne5+  1/2-1/2

[Event "Yerevan"]
[Site "Yerevan"]
[Date "1989.??.??"]
[Round "?"]
[White "Lputian, Smbat G"]
[Black "Romanishin, Oleg M"]
[Result "1-0"]
[WhiteElo "2610"]
[BlackElo "2555"]

1.d4 Nf6 2.c4 e6 3.Nf3 b6 4.Nc3 Bb7 5.a3 g6 6.Qc2 Bxf3 7.gxf3 Bg7 8.f4 Nc6
9.e3 Ne7 10.Bg2 d5 11.cxd5 exd5 12.O-O O-O 13.Bh3 Ne8 14.Bd2 Nd6 15.Rac1 c6
16.Ne2 a5 17.a4 Ra7 18.Rfd1 Re8 19.b4 Nc4 20.bxa5 bxa5 21.Qa2 Bf8 22.Rb1 Nc8
23.Nc1 N8d6 24.Nd3 Qh4 25.Bg2 Qh5 26.Ne5 Nxe5 27.fxe5 Nc4 28.Rdc1 Qg4 29.h3 Qe6
30.Bf1 Nxd2 31.Qxd2 Bb4 32.Qe2 h5 33.Qf3 Rc7 34.Rc2 Ree7 35.Rbc1 Ba3 36.Rd1 Kg7
37.e4 dxe4 38.Qxa3  1-0

[Event "Yerevan"]
[Site "Yerevan"]
[Date "1989.??.??"]
[Round "?"]
[White "Lputian, Smbat G"]
[Black "Gligoric, Svetozar"]
[Result "1/2-1/2"]
[WhiteElo "2610"]
[BlackElo "2505"]

1.d4 Nf6 2.c4 e6 3.Nf3 b6 4.g3 Bb7 5.Bg2 Be7 6.O-O O-O 7.Nc3 Ne4 8.Bd2 Bf6
9.Rc1 c5 10.d5 exd5 11.cxd5 Nxd2 12.Nxd2 d6 13.Nc4 Ba6 14.Qb3 Bxc4 15.Qxc4 a6
16.a4 Nd7 17.b4 b5 18.axb5 Bxc3 19.Rxc3 axb5 20.Qf4 Ra6 21.bxc5 Nxc5 22.Rb1 Ra4
23.e4 f5 24.Rxb5 fxe4 25.Qd2 Qf6 26.Rb1 Rd4 27.Qa2 Qf5 28.Re3 Qxd5  1/2-1/2

[Event "Yerevan"]
[Site "Yerevan"]
[Date "1989.??.??"]
[Round "?"]
[White "Lputian, Smbat G"]
[Black "Azmaiparashvili, Zurab"]
[Result "1/2-1/2"]
[WhiteElo "2610"]
[BlackElo "2560"]

1.d4 d6 2.Nf3 g6 3.c4 Bg7 4.Nc3 e5 5.e4 exd4 6.Nxd4 Nc6 7.Be3 Nge7 8.Be2 O-O
9.O-O f5 10.Nxc6 bxc6 11.Bf3 Rb8 12.Qd2 c5 13.Bg5 Qd7 14.Rae1 fxe4 15.Bxe4 Nf5
16.b3 Kh8 17.Bxf5 Qxf5 18.Nd5 Bb7 19.Re7 Bxd5 20.cxd5 Rf7 21.Rxf7 Qxf7 22.Re1 Re8
23.Rxe8+ Qxe8 24.Qe3 Qxe3 25.fxe3 Bc3 26.Bd8 Ba5 27.Kf2 Kg7 28.Ke2 Kf7 29.Kd3 Ke8
30.Bf6 Be1 31.Kc4 a6 32.e4 Bf2 33.e5 dxe5 34.Bxe5 Kd7 35.Bf4 Bg1 36.h3 Bf2
37.Bh6 Ke7 38.Bf4 Kd7 39.g4 Bg1 40.Bh6 Ke7 41.Bf4 Kd7 42.Bh6 Ke7 43.h4 Bf2
44.h5 gxh5 45.gxh5 Ke8 46.Bf4 Kd7 47.Kd3 Bd4 48.Bh6 Bf2 49.Ke4 c6 50.Bf8 Bg1
51.Bg7 Bf2 52.Be5 Bg1 53.Bb8 Bf2 54.Ba7 Kd6 55.Bb8+ Kd7 56.Bh2 Bd4 57.Be5 Bg1
58.Bc3 Kd6 59.Be5+ Kd7  1/2-1/2

[Event "Yerevan"]
[Site "Yerevan"]
[Date "1989.??.??"]
[Round "?"]
[White "Lputian, Smbat G"]
[Black "Anastasian, Ashot"]
[Result "1-0"]
[WhiteElo "2610"]
[BlackElo "2475"]

1.d4 Nf6 2.c4 e6 3.Nc3 b6 4.Nf3 Bb4 5.Bg5 h6 6.Bh4 c5 7.dxc5 Bxc3+ 8.bxc3 bxc5
9.e3 d6 10.Nd2 Bb7 11.Be2 Nbd7 12.O-O Qc7 13.Bf3 Rb8 14.Bxb7 Rxb7 15.Qa4 Ke7
16.Rab1 Rhb8 17.Rb3 Rb6 18.Rfb1 g5 19.Bg3 Qb7 20.f3 Rc8 21.Rb5 Rb8 22.h3 Qc6
23.Qc2 Rxb5 24.cxb5 Rxb5 25.Bxd6+ Ke8 26.Rxb5 Qxb5 27.c4 Qa6 28.Bg3 Qa3 29.Nb3 a5
30.Qd2 a4 31.Na5 Kf8 32.Nc6 Kg7 33.Bc7 Kh7 34.Ba5 Nf8 35.Bc3 Nh5 36.Qc2+ Ng6
37.g4 Ng7 38.Kf2 Kg8 39.Na7  1-0